| 000 | 00773cam a22002651 4500 | ||
|---|---|---|---|
| 001 | 27426 | ||
| 003 | BD-RjUL | ||
| 005 | 20211209051143.0 | ||
| 008 | 140325t1950 ny 001 0 eng d | ||
| 035 | _a(BD-RjUL)27500 | ||
| 035 | _a(OCoLC)1315813 | ||
| 040 |
_aDLC _cODaU _dDLC _dBD-RjUL _beng |
||
| 041 | _aeng | ||
| 082 | 0 | 0 |
_a956.9 _bPEA 1950 |
| 100 | 1 |
_aPearlman, Moshe, _d1911- _984242 |
|
| 245 | 1 | 4 |
_aThe army of Israel / _cby Moshe pearlman |
| 260 |
_aNew York : _bPhilosophical Library, _c1950. |
||
| 300 |
_axiv, 256 p. : _bill. _c24 cm. |
||
| 504 | _aincludes index. | ||
| 610 | 1 | 0 |
_aIsrael. _bTseva haganah le-Yiśraʾel. _984248 |
| 651 | 0 |
_aPalestine _xPolitics and government _984244 |
|
| 942 |
_2ddc _cBK |
||
| 999 |
_c27426 _d27426 |
||